[Event "Arak op (Women) 15th"]
[Site "Arak"]
[Date "2012.07.18"]
[Round "9"]
[White "Tajik, Sareh"]
[Black "Rahimi, Marjan"]
[Result "1-0"]
[WhiteElo "1942"]
[BlackElo "1556"]
[PlyCount "51"]
[EventDate "2012.07.13"]
[EventType "swiss"]
[EventRounds "11"]
[EventCountry "IRI"]
[SourceTitle "CBM 149 Extra"]
[Source "ChessBase"]
[SourceDate "2012.08.24"]
[SourceVersion "1"]
[SourceVersionDate "2012.08.24"]
[SourceQuality "1"]

1. e4 c5 2. Nc3 Nc6 3. f4 d6 4. Bc4 Nf6 5. Nf3 e6 6. d3 Be7 7. 0-0 0-0 8. h3 d5 9. exd5 exd5 10. Bb3 Be6 11. Ng5 Qd7 12. Nxe6 Qxe6 13. f5 Qd7 14. Ne2 b5 15. c3 c4 16. Bc2 a5 17. d4 Rfe8 18. Ng3 Bd6 19. Nh5 Ne4 20. Qg4 Bf8 21. Bxe4 Kh8 22. Bc2 b4 23. Qf3 f6 24. Nf4 Nd8 25. Nxd5 Nf7 26. Nb6 1-0